| 000 -LEADER |
| fixed length control field |
00558cam a22001457a 4500 |
| 008 - FIXED-LENGTH DATA ELEMENTS--GENERAL INFORMATION |
| fixed length control field |
180718b1967 xxu||||| |||| 00| 0 eng d |
| 082 ## - DEWEY DECIMAL CLASSIFICATION NUMBER |
| Classification number |
A99 M883d |
| 100 ## - MAIN ENTRY--PERSONAL NAME |
| Personal name |
Subramaniam, Saminatha |
| 245 ## - TITLE STATEMENT |
| Title |
Dr. A. Ramaswami Mudaliar and Dr. A. Lakshmanaswami Mudaliar: 81st birthday |
| Statement of responsibility, etc. |
Edited by Saminatha Subramaniam |
| 260 ## - PUBLICATION, DISTRIBUTION, ETC. |
| Place of publication, distribution, etc. |
Madras |
| Name of publisher, distributor, etc. |
Presentation Committee |
| Date of publication, distribution, etc. |
1967 |
| 300 ## - PHYSICAL DESCRIPTION |
| Extent |
597p. |
| 500 ## - GENERAL NOTE |
| General note |
Commemoration Volume |
| 650 ## - SUBJECT ADDED ENTRY--TOPICAL TERM |
| Topical term or geographic name entry element |
Mudaliar, Arcot Lakshmanaswami, Sir, 1887-1974 -- Biography |
| 650 ## - SUBJECT ADDED ENTRY--TOPICAL TERM |
| Topical term or geographic name entry element |
Mudaliar, Arcot Ramaswami, Sir, 1887-1976 -- Biography |